000 01233cam a22003131i 4500
003 SA-RiAUC
005 20250716074016.0
008 250716s1999 su g b 00000 ara c
020 _a9960921123
040 _aSA-RiAUC
_bara
_cSA-RiAUC
_erda
043 _aa-su---
082 0 4 _a352.29309531
_qSA-RiAUC
090 _a352.29309531
_bس ع ا
100 1 _aساعاتي، محمد أمين،
_d1364 هجري-
_eمؤلف.
245 1 0 _aمجلس الوزراء في المملكة العربية السعودية :
_bدراسة تاريخية /
_cأمين ساعاتي.
264 1 _aجدة، السعودية :
_bدار الفكر العربي،
_c1999
300 _a86 صفحة ؛
_c24 سم.
336 _aنص
_btxt
_2rdacontent
_3كتاب
337 _aبدون وسيط
_bn
_2rdamedia
338 _aمجلد
_bnc
_2rdacarrier
490 0 _aإصدارات المئوية
504 _aببليوجرافية : صفحة 87.
610 1 7 _aالسعودية.
_bمجلس الوزراء
_2aucnm
610 1 7 _aالسعودية.
_bمجلس الوزراء
_2aucnm
650 7 _aالسلطة التنفيذية
_zالسعودية
_2aucsh
942 _2ddc
_cBOOK
_n0
949 _aSA-JeALM
_d250716
_umohamedma123
_n1
999 _c10005
_d10005